000 00490cam a22001217a 4500
008 180718b1976 xxu||||| |||| 00| 0 eng d
082 _aA81x54 In2/71/13/PT10A&B/G
100 _aCensus of India 1971
245 _aMeghalaya district census handbook, Garo hills: village-wise and townwise directory, village and town primary census abstract
260 _aShillong
_bDirector of Census Operations
_c1976
300 _a462+p.
440 _aCensus of India 1971. Series-13, Meghalaya. Parts X-A & B
999 _c485351
_d485351